Big Nate Books - Statistics

General Stats
  • This quiz has been taken 28 times
  • The average score is 5 of 8
Answer Stats
Book Number Book Name % Correct
5 Big Nate Flips Out
70%
3 Big Nate On a Roll
70%
1 Big Nate in a Class by Himself
65%
6 Big Nate In the Zone
65%
4 Big Nate Goes for Broke
61%
7 Big Nate Lives it Up
61%
2 Big Nate Strikes Again
61%
8 Big Nate Blasts Off
43%
No matching quizzes found
Score Distribution
Percent of People with Each Score
Percentile by Number Answered
Your Score History
You have not taken this quiz